1036 1854 1311 1696 1824 1405 1015 1316 1851 1868 1106 1833 1218 1642 1594 1272 1945 1058 1201 1449 1059 1434 1016 1138 1359 1085 1823 1552 1398 1333 1708 1624 1731 1907 1435 1957 1210 1569 1140 1094 1714 1966 1098 1577 1712 1489 1516 1071 1794 1178 1334 1724 1526 1772 1000 1166 1046 1250 1650 1641 1738 1781 1242 1500 1831 1265 1814 1710 1282 1005 1349 1997 1303 1541 1074 1314 1311 1066 1949 1590 1244 1945 1844 1398 1136 1408 1576 1882 1652 1833 1604 1539 1243 1469 1171 1971 1914 1474 1569 BCNSPRNW ULIB Ver.6.0+V

เปลี่ยนเป็นภาษาไทย

Change to English
 แสดงรายละเอียดบรรณานุกรม
  กลับหน้าหลัก

Brief Record : Get Marc (ISO 2709) : E-mail record : QR code < ปิดหน้าต่าง
LEADER : 00000nam 2200000uu 4500
001    13399125206
003     ULIB
008    161110s2545||||th 000 0 tha d
020    0741421583
099    ^aวพ.WQ248^bป164ค
100    ^aนางสาวปภาวดี อินทิปัยญา
245    ^aความสัมพันธ์ระหว่างปัจจัยส่วนบุคคล แบบแผนดำเนินชีวิตกับผลลัพธ์ทางสุขภาพในหญิงที่เป็นเบาหวานจากการตั้งครรภ์/^cนางสาวปภาวดี อินทิปัยญา
260    ^aรุงเทพฯ :^bคณะพยาบาลศาสตร์ จุฬาลงกรณ์มหาวิทยาลัย ,^c2548
300    ^a152 หน้า;^b29 ซม.
650    ^aสตรีตั้งครรภ์^xเบาหวาน^yวิทยานิพนธ์
700 0  ^aนางสาวปภาวดี อินทิปัยญา
945    ^p0^l0^i001478
999    ^aวรรณษา ชูชัยมงคล
รายการนี้ยังไม่มีแท็ก
คุณยังไม่ได้ล็อกอิน คุณสามารถมีกิจกรรมร่วมกับเว็บไซต์ได้ แต่ต้องล็อกอินก่อน ::
  ล็อกอิน

รายการสื่อสารสนเทศ

ลำดับที่ ประเภท เลขเรียก/บาร์โค้ด สถานที่ สถานะ
1. วิทยานิพนธ์
วิทยานิพนธ์
วพ.WQ248 ป164ค ฉ.1 
  Barcode: 001478
ห้องสมุดวิทยาเขตสวรรค์ประชารักษ์
► วิทยานิพนธ์
บนชั้น

BibComment


ยังไม่เคยถูกคอมเมนท์

คอมเมนท์ทรัพยากรรายการนี้
  คอมเมนท์: ความสัมพันธ์ระหว..


 Copyright 2026. Bcnsprnw @Library